000 01229cam a2200349 i 4500
001 24682
003 Mx-PuUPA
005 20250225081226.0
008 140415s2021 mx gr 001 0 spa d
020 _a9786079952211
040 _cMx-PuUPA
_aMx-PuUPA
_bspa
_dMx-PuUPA
_erda
041 0 _aspa
100 1 _aDiego Armida, Andrea,
_916692
_eautor
245 1 0 _aEn busca del cuerpo personal :
_bmás allá de la naturaleza y la subjetividad /
_cAndrea Diego Armida, Alberto I. Vargas
250 _a1a. edición
260 _a
_b
_c
264 1 _aCiudad de México :
_bEditorial NUN,
_c2021
300 _a195 paginas;
_c21 cm
336 _2rdacontent
_atexto
_btxt
337 _2rdamedia
_asin medio
_bn
338 _2rdacarrier
_avolumen
_bnc
490 0 _aDignitas Humana
650 7 _a Cuerpo humano (filosofía)
_2armarc
_913986
650 7 _aCuerpo humano
_xAspectos simbólicos
_2armarc
650 7 _aCuerpo humamo
_xAspectos sociales
_2armarc
650 7 _aAntropología filosófica
_2armarc
700 1 _aVargas, Alberto I.,
_eautor
942 _n
_2ddc
_cLI
_h128.6
_iD56
999 _c24682
_d24682